书目信息 |
| 题名: |
半岛唐风
|
|
| 作者: | 刘顺利 著 | |
| 分册: | ||
| 出版信息: | 银川 宁夏人民出版社 2004 |
|
| 页数: | 24,429页 | |
| 开本: | 23cm | |
| 丛书名: | 跨文化丛书 : 外国作家与中国文化 | |
| 单 册: | ||
| 中图分类: | I206 , I312.006 , G04 | |
| 科图分类: | ||
| 主题词: | 比较文学--中国--朝鲜 , 比较文学 , 比较文学--中国--韩国 , 传统文化 , 现代文化 , 传统文化--关系--现代文化 | |
| 电子资源: | ||
| ISBN: | 7-227-02788-0 | |
| 000 | 01154oam2 2200349 450 | |
| 005 | 20070607071441.64 | |
| 010 | @a7-227-02788-0@dCNY38.00 | |
| 100 | @a20060606d2004 ekmy0chiy0110 ea | |
| 101 | 0 | @achi |
| 102 | @aCN@b640000 | |
| 105 | @aa z 000zy | |
| 200 | 1 | @a半岛唐风@e朝韩作家与中国文化@f刘顺利著 |
| 210 | @a银川@c宁夏人民出版社@d2004 | |
| 215 | @a24,429页@c照片@d23cm | |
| 225 | 2 | @a跨文化丛书 : 外国作家与中国文化@i朝韩卷 |
| 300 | @a南京大学北京大学中国文化书院跨文化研究院合作项目宁夏人民出版社“十五”国家重点图书 | |
| 330 | @a本书引领读者去东邻半岛做一番文化之旅,领略浸润这唐风古韵的朝韩古代文化的一脉馨香,品味中国与朝鲜、韩国人民间弥足珍贵的友好情怀。 | |
| 461 | 0 | @12001 @a跨文化丛书 : 外国作家与中国文化 |
| 462 | 0 | @12001 @a朝韩卷 |
| 517 | 1 | @a朝韩作家与中国文化 |
| 606 | 0 | @a比较文学@y中国@y朝鲜 |
| 606 | 0 | @a比较文学 |
| 606 | 0 | @a比较文学@y中国@y韩国 |
| 606 | 0 | @a传统文化 |
| 606 | 0 | @a现代文化 |
| 606 | 0 | @a传统文化@x关系@x现代文化 |
| 690 | @aI206 @v4 | |
| 690 | @aI312.006 | |
| 690 | @aG04@v3 | |
| 701 | 0 | @a刘顺利@4著 |
| 801 | 0 | @aCN@bTAOJIN@c20070607 |
| 905 | @a10447@dG04@e63 | |
| 半岛唐风:朝韩作家与中国文化/刘顺利著 .-银川:宁夏人民出版社,2004 |
| 24,429页:照片;23cm.-(跨文化丛书 : 外国作家与中国文化.朝韩卷 ) |
| 南京大学北京大学中国文化书院跨文化研究院合作项目宁夏人民出版社“十五”国家重点图书 |
| ISBN 7-227-02788-0:CNY38.00 |
| 本书引领读者去东邻半岛做一番文化之旅,领略浸润这唐风古韵的朝韩古代文化的一脉馨香,品味中国与朝鲜、韩国人民间弥足珍贵的友好情怀。 |
| ● |
| 相关链接 |
|
|
|
|
正题名:半岛唐风
索取号:G04/63
 
预约/预借
| 序号 | 登录号 | 条形码 | 馆藏地/架位号 | 状态 | 备注 |
| 1 | 0527233 | 205272337 | 第一样本阅览室/ [索取号:G04/63] | 在馆 | |
| 2 | 0527234 | 205272346 | 第四借阅区/ [索取号:G04/63] | 在馆 | |
| 3 | 0527235 | 205272355 | 第四借阅区/ [索取号:G04/63] | 在馆 |